WM Kader 2022 Deutschland - Statistiken

Allgemein
  • Dieses Quiz wurde 223 mal gespielt
  • Das Durchschnittsergebnis liegt bei 21 aus 27
Antwortstatistiken
Position NR. Verein Antwort % Korrekt
GK 1 Bayern München Manuel Neuer
99%
GK 22 Barcelona Marc-Andre ter Stegen
99%
GK 12 Eintracht Frankfurt Kevin Trapp
96%
DF 2 Real Madrid Antonio Rüdiger
91%
ST 13 Bayern München Thomas Müller
91%
ST 9 Werder Bremen Niclas Füllkrug
90%
Coach - Deutschland Hansi Flick
89%
MF 6 Bayern München Joshua Kimmich
89%
MF 7 Chelsea Kai Havertz
86%
MF 8 Bayern München Leon Goretzka
86%
ST 19 Bayern München Leroy Sane
86%
Mf 21 Manchester City Ilkay Gündogan
85%
DF 4 Freiburg Matthias Ginter
84%
DF 15 BVB Niklas Süle
82%
ST 10 Bayern München Serge Gnabry
82%
DF 23 BVB Nico Schlotterbeck
81%
MF 14 Bayern München Jamal Musiala
79%
DF 3 RB Leipzig David Raum
76%
DF 20 Freiburg Christian Günter
71%
MF 11 Eintracht Frankfurt Mario Götze
71%
MF 17 BVB Julian Brandt
69%
DF 16 RB Leipzig Lukas Klostermann
63%
DF 5 West Ham United Thilo Kehrer
63%
MF 18 Bor. Mönchengladbach Jonas Hofmann
59%
ST 24 BVB Karim Adeyemi
58%
ST 26 BVB Youssoufa Moukoko
55%
DF 25 Southampton Armel Bella-Kotchap
52%
Keine übereinstimmenden Quizze gefunden
Verteilung der Resultate
Anzahl Personen mit jedem Resultat
Perzentil nach korrekt beantworteten Fragen
Ihre Resultats-Entwicklung
Sie haben dieses Quiz noch nicht gespielt